000 00371nam a2200157Ia 4500
008 230718s9999 xx 000 0 und d
041 _aeng
082 _a621.319'2
_bBHI
100 _aBhide S.D.
245 _aLinear Circuit Analysis
260 _c1993
_bShree
300 _a174
365 _cRs.
_b100.00
700 _aBhide S.D. & Tokekar M.K.
906 _cETC
_b15
999 _c297123
_d297123